书目信息 |
| 题名: |
中国中央企业走进非洲
|
|
| 作者: | 智宇琛 著 | |
| 分册: | ||
| 出版信息: | 北京 社会科学文献出版社 2016 |
|
| 页数: | 311页 | |
| 开本: | 24cm | |
| 丛书名: | ||
| 单 册: | ||
| 中图分类: | F279.241 | |
| 科图分类: | ||
| 主题词: | 国有企业--guo you qi ye--对外投资--研究--中国 | |
| 电子资源: | ||
| ISBN: | 978-7-5097-9376-3 | |
| 000 | 01186nam0 22002531 450 | |
| 001 | 0102093616 | |
| 005 | 20170402093616.0 | |
| 010 | @a978-7-5097-9376-3@dCNY66.00 | |
| 100 | @a20160926d2016 em y0chiy50 ea | |
| 101 | 0 | @achi |
| 102 | @aCN@b110000 | |
| 105 | @ay z 000yy | |
| 106 | @ar | |
| 200 | 1 | @a中国中央企业走进非洲@Azhong guo zhong yang qi ye zou jin fei zhou@dThe developments of Chinese central state owned enterprises in afeica@f智宇琛著@zeng |
| 210 | @a北京@c社会科学文献出版社@d2016 | |
| 215 | @a311页@d24cm | |
| 300 | @a中国社会科学院创新工程学术出版资助项目 | |
| 330 | @a本书研究了我国中央企业近十年来在非洲的发展情况,总结分析了央企在非洲的发展模式和特点,以及非洲经济发展现状及中非经贸合作的特点,并对非洲各次区域投资环境进行了全面分析,重点选取了政治环境、宏观经济、重点产业和市场辐射、发展规划和区域功能定位、外汇/税收/投资管理政策等五个分析维度展开研究。 | |
| 510 | 1 | @aDevelopments of Chinese central state owned enterprises in afeica@zeng |
| 606 | 0 | @a国有企业@Aguo you qi ye@x对外投资@x研究@y中国 |
| 690 | @aF279.241@v5 | |
| 701 | 0 | @a智宇琛@Azhi yu chen@c(法学博士)@4著 |
| 801 | 0 | @aCN@bTANGWEI@c20170308 |
| 905 | @b0964158-61@dF279.241@e1369@f4 | |
| 中国中央企业走进非洲=The developments of Chinese central state owned enterprises in afeica/智宇琛著.-北京:社会科学文献出版社,2016 |
| 311页;24cm |
| 中国社会科学院创新工程学术出版资助项目 |
| ISBN 978-7-5097-9376-3:CNY66.00 |
| 本书研究了我国中央企业近十年来在非洲的发展情况,总结分析了央企在非洲的发展模式和特点,以及非洲经济发展现状及中非经贸合作的特点,并对非洲各次区域投资环境进行了全面分析,重点选取了政治环境、宏观经济、重点产业和市场辐射、发展规划和区域功能定位、外汇/税收/投资管理政策等五个分析维度展开研究。 |
| ● |
| 相关链接 |
|
|
|
|
正题名:中国中央企业走进非洲
索取号:F279.241/1369
 
预约/预借
| 序号 | 登录号 | 条形码 | 馆藏地/架位号 | 状态 | 备注 |
| 1 | 0964158 | 209641583 | 第一样本阅览室/ [索取号:F279.241/1369] | 在馆 | |
| 2 | 0964159 | 209641592 | 第一借阅区/ [索取号:F279.241/1369] | 在馆 | |
| 3 | 0964160 | 209641609 | 密集书库-海洋学院/ [索取号:F279.241/1369] | 在馆 | |
| 4 | 0964161 | 209641618 | 第一借阅区/ [索取号:F279.241/1369] | 在馆 |